000 00533cam a22001457a 4500
008 180718b1986 xxu||||| |||| 00| 0 eng d
020 _a8170270979
082 _aB131x5413 Sr38
100 _aSrivastava, G C
245 _aUrbanization, capital formation and labour productivity in Agriculture
_cby G C Srivastava
260 _aNew Delhi
_bRadiant Publishers
_c1986
300 _aix, 205p
650 _aAgriculture --Economic aspects --India --Case stu
650 _aAgriculture --Economic aspects --India --Raᆵnchiᆵ --Case studies
999 _c408464
_d408464